| 000 | 00540nam a2200181 a 4500 | ||
|---|---|---|---|
| 005 | 20140310183323.0 | ||
| 008 | 060309s19uu xx 00 eng d | ||
| 020 | _a0451162145 | ||
| 050 |
_aPS 3569 _b.St912 1989 |
||
| 100 | _aStraub, Peter | ||
| 245 |
_aKoko / _cPeter Straub. |
||
| 260 |
_aNew York : _bPenguin Group, _c1989. |
||
| 300 |
_a595 p. : _c18 cm. |
||
| 650 | _aAmerican sign language | ||
| 650 |
_a Animal communication Apes Human _xAnimal communication Sign language Patterson, Penny |
||
| 942 |
_cBK _2lcc |
||
| 999 |
_c21457 _d21457 |
||